01027cam a22003017a 4500003000500000005001700005008004100022010000900063011000900072035000900081040000900090082001600099100002800115245004500143260005100188300001100239590004100250590004100291590004100332590004200373650002400415650002300439901000700462942001000469949008300479999001500562952014800577CHAP20220329133414.0971013s1992 r 00010 d a5998 a6970 a6193 cCHAP a612.015bB400aBender, David A.911540 0aNutritional biochemistry of the vitamins aCambridge :bCambridge University Press,c1992 a431 p. aBATCH-UPDb10c20130110lUCH01h1756 aBATCH-UPDb10c20130410lUCH01h1133 aBATCH-UPDb10c20130914lUCH01h0621 aCONVERSIONb10c20130109lUCH01h130414aNutrición.98224614aVitaminas.9120010 aBK cLIBRO a612.015 B4bBCcLIBROd33724000011557eLIBROgI.166733h83043i6193sit340.00 c5998d5998 00102local4052708GRALaBCbBCcPP_GRALd2019-12-31eI.166733fLIBROl0o612.015 B4p33724000011557r2019-12-31 00:00:00w2019-12-31yLIBRO